Homogeneous Production Processes and Approaches to Their Management
Špecifiká homogénnych výrobných procesov z hľadiska logistiky a riadenia, ktoré sú typické pre spracovanie surovín, a z nich vyplývajúce špecifické prístupy pre ich modelovanie, riadenie a logistiku. Aplikácia uvedenej metodológie v desiatkach slovenských podnikov.
Salvato in:
| Autore principale: | |
|---|---|
| Altri autori: | , , |
| Natura: | Capitolo di libro |
| Lingua: | inglese |
| Soggetti: | |
| Tags: |
Nessun Tag, puoi essere il primo ad aggiungerne!!
|
MARC
| LEADER | 00000nla a2200000 4500 | ||
|---|---|---|---|
| 001 | 0236526 | ||
| 005 | 20240502073827.3 | ||
| 041 | 0 | |a eng | |
| 044 | |a SK | ||
| 245 | 1 | 0 | |a Homogeneous Production Processes and Approaches to Their Management |c Dušan Malindžák, Dominik Zimon, Lucia Bednárová, Martin Pitoňak |
| 520 | |a Špecifiká homogénnych výrobných procesov z hľadiska logistiky a riadenia, ktoré sú typické pre spracovanie surovín, a z nich vyplývajúce špecifické prístupy pre ich modelovanie, riadenie a logistiku. Aplikácia uvedenej metodológie v desiatkach slovenských podnikov. | ||
| 610 | 2 | 0 | |a výroba |
| 610 | 2 | 0 | |a proces výrobný |
| 610 | 2 | 0 | |a logistika |
| 610 | 2 | 0 | |a modelovanie |
| 610 | 2 | 0 | |a priemysel |
| 610 | 2 | 0 | |a priemysel ťažobný |
| 610 | 2 | 0 | |a baníctvo |
| 610 | 2 | 0 | |a ťažba surovín |
| 610 | 2 | 0 | |a suroviny |
| 610 | 2 | 0 | |a teória výroby |
| 610 | 2 | 0 | |a metodológia |
| 610 | 2 | 0 | |a Slovensko |
| 100 | 1 | |a Malindžák, Dušan | |
| 700 | 1 | |a Zimon, Dominik | |
| 700 | 1 | |a Bednárová, Lucia | |
| 700 | 1 | |a Pitoňak, Martin | |